[Event "Zagreb-ch"]
[Site "Zagreb"]
[Date "1995.??.??"]
[Round "?"]
[White "Brumen, Dinko"]
[Black "Glavica, Zeljko"]
[Result "1-0"]
[WhiteElo "2325"]
[BlackElo "2290"]

1.d4 d5 2.c4 c6 3.Nf3 Nf6 4.Nc3 e6 5.e3 Nbd7 6.Qc2 Bd6 7.Bd2 O-O 8.Bd3 dxc4
9.Bxc4 e5 10.O-O exd4 11.exd4 Nb6 12.Bd3 h6 13.Rae1 Nbd5 14.Qc1 Re8 15.Nxd5 cxd5
16.Bxh6 Rxe1 17.Rxe1 gxh6 18.Qxh6 Bf8 19.Qh4 Bg7 20.Re5 Bg4 21.Rg5 Bxf3 22.Qh6 Ne8
23.gxf3 Qf6 24.Qh7+ Kf8 25.Rf5 Qxd4 26.Bc2 Nf6 27.Qh3 Qxb2 28.Bb3 Re8 29.Kg2 Qc1
30.Qg3 Qh6 31.Rg5 Rd8 32.h4 Kg8 33.Qc7 Rf8 34.Kh3 Ne8 35.Qxb7 Qe6+ 36.Kg2 Nf6
37.Qxa7 Rd8 38.Qd4 Kf8 39.a4 Rd6 40.Qb4 Qe7 41.a5 Bh6 42.Rf5 Ne4 43.Qb8+ Kg7
44.h5 Nf6 45.Bc2 d4 46.Qb5 Qd8 47.Qd3 Rd5 48.a6  1-0

[Event "Zalakaros op"]
[Site "Zalakaros"]
[Date "1995.??.??"]
[Round "3"]
[White "Lenkey, Pal"]
[Black "Volkmann, Friedrich"]
[Result "0-1"]
[WhiteElo "2065"]
[BlackElo "2305"]

1.d4 d5 2.c4 e6 3.Nc3 c6 4.e3 Nf6 5.Nf3 Nbd7 6.Be2 Bd6 7.Bd2 O-O 8.Rc1 Qe7
9.Qc2 b6 10.cxd5 exd5 11.a3 Bb7 12.Qa4 a5 13.Bd3 Ne4 14.h4 f5 15.Ne2 Ndf6
16.g3 Ng4 17.Rf1 Qc7 18.Nf4 Bxf4 19.gxf4 Kh8 20.Bxe4 fxe4 21.Ng5 Qd7 22.Rh1 h6
23.Nh3 Rf6 24.Qc2 Ba6 25.Qd1 Rd6 26.Rc3 Nf6 27.Ng1 Rc8 28.Ne2 c5 29.dxc5 bxc5
30.b4 axb4 31.axb4 cxb4 32.Rxc8+ Qxc8 33.Bxb4 Rb6 34.Bd2 Bd3 35.Nc3 Qc4 36.Rg1 Rb2
37.Qa4 Qxa4  0-1

[Event "Zalakaros op"]
[Site "Zalakaros"]
[Date "1995.??.??"]
[Round "4"]
[White "Domotor, Jozsef"]
[Black "Lazovic, Gordan"]
[Result "0-1"]
[WhiteElo "2150"]
[BlackElo "2335"]

1.d4 d5 2.Nf3 Nf6 3.c4 e6 4.Nc3 c6 5.e3 Nbd7 6.Bd3 dxc4 7.Bxc4 b5 8.Bd3 a6
9.e4 c5 10.e5 cxd4 11.Nxb5 axb5 12.exf6 gxf6 13.O-O Qb6 14.Qe2 Ba6 15.a4 Nc5
16.axb5 Bb7 17.Rxa8+ Bxa8 18.b4 Nxd3 19.Qxd3 e5 20.Bd2 Bd5 21.Re1 Be7 22.Qf5 Qb7
23.Nh4 Be6 24.Qd3 Kd7 25.Nf5 Rg8 26.Ng3 h5 27.f3 h4 28.Ne4 Rc8 29.Rc1 Rxc1+
30.Bxc1 Qc7 31.Ba3 Bc4 32.Qc2 d3 33.Qc3 Qb6+ 34.Nc5+ Bxc5+ 35.bxc5 Qxb5 36.Qb4 Kc6
37.Kf2 f5 38.Ke3 f4+ 39.Kd2 Qxb4+ 40.Bxb4 f5 41.Bc3 e4 42.fxe4 fxe4  0-1

[Event "Zalakaros op"]
[Site "Zalakaros"]
[Date "1995.??.??"]
[Round "5"]
[White "Feher, Gyula"]
[Black "Turzo, Attila"]
[Result "1-0"]
[WhiteElo "2420"]
[BlackElo "2265"]

1.Nf3 d5 2.c4 c6 3.e3 Nf6 4.Nc3 e6 5.d4 Nbd7 6.Qc2 Bd6 7.Be2 O-O 8.O-O dxc4
9.Bxc4 Qe7 10.h3 e5 11.a3 b5 12.Bd3 Bb7 13.Bd2 a6 14.b4 Rfd8 15.Rfe1 g6 16.Rad1 c5
17.dxc5 Bxc5 18.bxc5 e4 19.Nxe4 Nxe4 20.Ba5 Nexc5 21.Bxd8 Rxd8 22.Be2 Rc8
23.Qd2 Qf6 24.Qd4 Qc6 25.Bf1 Re8 26.Rc1 Qb6 27.Red1 Re5 28.Qc3 a5 29.Nd4 b4
30.axb4 axb4 31.Qb2 Na4 32.Qc2 Nc3 33.Rd2 Bd5 34.Ne2 Rxe3 35.Rxd5 Rxe2 36.Bxe2 Nxd5
37.Bc4 Nf4 38.Qe4 Qf6 39.Rb1 Ne5 40.Bf1 Nxh3+ 41.gxh3 Nf3+ 42.Kg2 Nd2 43.Qa8+ Kg7
44.Rxb4 h5 45.Qd5  1-0

[Event "Zaragoza op-A"]
[Site "Zaragoza"]
[Date "1995.??.??"]
[Round "3"]
[White "Nedobora, Mikhail"]
[Black "Alvarez Ibarra, D Rafael"]
[Result "1/2-1/2"]
[WhiteElo "2480"]
[BlackElo "2440"]

1.d4 d5 2.c4 c6 3.Nc3 Nf6 4.e3 e6 5.Nf3 Nbd7 6.Bd3 dxc4 7.Bxc4 b5 8.Bd3 a6
9.e4 c5 10.d5 c4 11.Bc2 e5 12.O-O Bd6 13.Ne2 O-O 14.b3 Nc5 15.Ng3 cxb3 16.axb3 Bd7
17.h3 Qb8 18.Bg5 Ne8 19.Be3 f6 20.Qd2 Nb7 21.Ne2 Bc5 22.Bxc5 Nxc5 23.b4 Nb7
24.Bd3 Qa7  1/2-1/2

[Event "Zaragoza op-A"]
[Site "Zaragoza"]
[Date "1995.??.??"]
[Round "6"]
[White "Adla, Diego"]
[Black "Nedobora, Mikhail"]
[Result "1/2-1/2"]
[WhiteElo "2435"]
[BlackElo "2480"]

1.d4 d5 2.c4 c6 3.Nc3 Nf6 4.Nf3 e6 5.e3 Nbd7 6.Qc2 Bd6 7.Be2 O-O 8.O-O Re8
9.Rd1 Qe7 10.h3 h6 11.a3 a6 12.b3 dxc4 13.bxc4 e5 14.Nh4 Nf8 15.Nf5 Bxf5
16.Qxf5 e4 17.h4 b5 18.f3 g6 19.Qh3 Rad8 20.h5 bxc4 21.hxg6 Nxg6 22.Bxc4 exf3
23.gxf3 Bf4 24.exf4 Rxd4 25.Rxd4 Qc5 26.Be3 Rxe3 27.Rad1 Rxc3 28.Kh1 Rxc4
29.Rxc4 Qxc4 30.Qxh6 Nd5 31.Re1 Nc7 32.f5 Qc3 33.Qe3 Qxe3 34.Rxe3 Nf4 35.Rc3 Nb5
36.Rxc6 Nxa3 37.Rxa6 Nc2 38.Kh2 Kg7 39.Kg3 Nh5+ 40.Kg4 Nf6+ 41.Kg5 Nd4 42.Kf4 Ne2+
43.Ke3 Ng3 44.Kf4  1/2-1/2

[Event "Zaragoza op-B"]
[Site "Zaragoza"]
[Date "1995.??.??"]
[Round "6"]
[White "Bermejo Collado, Julian"]
[Black "Gattegno, Laurent"]
[Result "1-0"]
[WhiteElo "2275"]
[BlackElo "2040"]

1.c4 Nf6 2.Nc3 e6 3.Nf3 d5 4.d4 c6 5.e3 Nbd7 6.Qc2 Bd6 7.Bd2 Qe7 8.O-O-O O-O
9.e4 dxe4 10.Nxe4 Nxe4 11.Qxe4 Nf6 12.Qh4 c5 13.dxc5 Bxc5 14.Bd3 Rd8 15.Be3 Bd7
16.Rhe1 b5 17.cxb5 a6 18.bxa6 Rab8 19.Re2 Rdc8 20.Bxh7+ Kf8 21.Bc2  1-0

[Event "Zlin-B"]
[Site "Zlin"]
[Date "1995.??.??"]
[Round "?"]
[White "Michenka, Jozef"]
[Black "Sosna, Jan"]
[Result "1-0"]
[WhiteElo "2375"]
[BlackElo "2310"]

1.d4 d5 2.c4 c6 3.Nc3 Nf6 4.Nf3 e6 5.e3 Nbd7 6.Bd3 Bd6 7.O-O O-O 8.b3 Re8
9.Qc2 dxc4 10.bxc4 e5 11.Bb2 Qe7 12.Ne4 Nxe4 13.Bxe4 g6 14.d5 Nc5 15.dxc6 Nxe4
16.Qxe4 bxc6 17.Rfd1 Rb8 18.Bc3 c5 19.Qd5 Rb6 20.Bxe5 Bxe5 21.Qxe5 Qxe5 22.Nxe5 Rxe5
23.Rd8+ Kg7 24.Rxc8 Rb4 25.Rc7 a5 26.Ra7 a4 27.Rc1 Re4 28.g3 Rbxc4 29.Rd1 Re6
30.Rd2 h5 31.h3 Rc6 32.Kg2 Rf6 33.a3 Rc6 34.Kf3 Rb6 35.g4 hxg4+ 36.hxg4 Re6
37.Kg3 Rf6 38.Rd3 Rc2 39.f3 c4 40.Rd8 Re2 41.Raa8  1-0

[Event "Zlin op"]
[Site "Zlin"]
[Date "1995.??.??"]
[Round "8"]
[White "Lys, Josef"]
[Black "Kotek, Daniel"]
[Result "0-1"]
[WhiteElo "2270"]
[BlackElo "2360"]

1.d4 e6 2.Nf3 d5 3.e3 Nf6 4.c4 c6 5.Nc3 Nbd7 6.Qc2 Bd6 7.b3 O-O 8.Bb2 b6
9.cxd5 exd5 10.Bd3 Re8 11.O-O Bb7 12.Rfe1 b5 13.Rad1 a5 14.h3 a4 15.Nd2 axb3
16.axb3 Qb6 17.f3 Nf8 18.Nf1 Re7 19.Ra1 Rae8 20.Qf2 Ne6 21.Red1 h5 22.Ne2 g6
23.e4 Nd7 24.exd5 cxd5 25.Bc1 Nb8 26.Bb2 Nc6 27.Kh1 Nf4 28.Nxf4 Bxf4 29.Qh4 Bb8
30.Qf6 Re6 31.Qg5 Nb4 32.Bb1 Re1 33.Bxg6 Rxf1+ 34.Rxf1 Qxg6  0-1

[Event "Zuerich op"]
[Site "Zuerich"]
[Date "1995.??.??"]
[Round "6"]
[White "Weindl, Alfred"]
[Black "Domont, Alexandre"]
[Result "0-1"]
[WhiteElo "2350"]
[BlackElo "2340"]

1.d4 d5 2.c4 c6 3.Nf3 e6 4.e3 Nf6 5.Nc3 Nbd7 6.Bd3 dxc4 7.Bxc4 b5 8.Bd3 a6
9.e4 c5 10.d5 Qc7 11.dxe6 fxe6 12.O-O Bb7 13.Qe2 Bd6 14.Ng5 Nf8 15.f4 c4
16.Bc2 h6 17.Nh3 e5 18.Kh1 N8d7 19.fxe5 Nxe5 20.Nf4 Qf7 21.Nfd5 O-O-O 22.Nxf6 gxf6
23.Nd5 Bxd5 24.exd5 Qxd5 25.Be4 Qc5 26.Be3 Qc7 27.a4 b4 28.Rac1 Kb8 29.Rxf6 Rhe8
30.b3 Qe7 31.Rff1 Ng4 32.Qxg4 Qxe4 33.Qxe4 Rxe4 34.Bb6 Rc8 35.Rcd1 Rc6 36.a5 cxb3
37.Rb1 Bc5 38.Rfc1 Re5 39.g4 Kb7  0-1

[Event "Hallsberg opJ32"]
[Site "Hallsberg"]
[Date "1996.12.28"]
[Round "1"]
[White "Hedman, Erik"]
[Black "Nilsson, Mattias"]
[Result "1-0"]
[WhiteElo "2320"]
[BlackElo "2145"]

1.d4 d5 2.c4 c6 3.Nc3 Nf6 4.e3 e6 5.Nf3 Nbd7 6.Bd3 dxc4 7.Bxc4 b5 8.Be2 b4
9.Na4 Be7 10.O-O O-O 11.a3 a5 12.Qc2 Bb7 13.Rd1 c5 14.Nxc5 Nxc5 15.dxc5 Qc7
16.axb4 axb4 17.Bd2 Qxc5 18.Qxc5 Bxc5 19.Ne5 Be4 20.Rxa8 Rxa8 21.Rc1 Be7
22.f3 Rd8 23.Be1 Ba8 24.Nd3 b3 25.e4 g5 26.Rc3 g4 27.Rxb3 gxf3 28.gxf3 Nd7
29.Rb5 Bc6 30.Ra5 Rb8 31.Bc3 f6 32.Nf4 f5 33.Nxe6 fxe4 34.Bc4 Nb6 35.Ba2 Ba8
36.Rf5 h6 37.Nf4+ Nd5 38.Nxd5 Bc5+ 39.Ne3+ Kh7 40.Rxc5  1-0

[Event "Aarhus int"]
[Site "Aarhus"]
[Date "1996.??.??"]
[Round "2"]
[White "Rodgaard, John"]
[Black "Pedersen, Nicolai Vesterbaek"]
[Result "1-0"]
[WhiteElo "2375"]
[BlackElo "2290"]

1.d4 d5 2.c4 e6 3.Nc3 c6 4.e3 Nf6 5.Nf3 Nbd7 6.Qc2 Be7 7.Bd3 b6 8.e4 dxe4
9.Nxe4 Bb7 10.O-O c5 11.dxc5 Nxc5 12.Nxc5 Bxc5 13.Qe2 Qc7 14.Bg5 Be7 15.Rfd1 O-O
16.Ne5 Rad8 17.Bf4 Qc8 18.Rac1 Ba8 19.Ng4 Nxg4 20.Qxg4 Bf6 21.Bg5 Bxg5 22.Qxg5 Qc6
23.Bf1 f6 24.Qe3 e5 25.b4 a5 26.Rxd8 Rxd8 27.c5 axb4 28.cxb6 Qd6 29.Qc5 Qxc5
30.Rxc5 Bb7 31.Rc7 Rb8 32.Bc4+ Kh8 33.f3 Ba8 34.Ba6 Bd5 35.b7  1-0

[Event "Aegina op"]
[Site "Aegina"]
[Date "1996.??.??"]
[Round "4"]
[White "Karayannis, Athanasios"]
[Black "Kaloussis, Evangelos"]
[Result "1-0"]
[WhiteElo "2300"]
[BlackElo "2275"]

1.Nf3 Nf6 2.c4 c6 3.d4 d5 4.Nc3 e6 5.e3 Nbd7 6.Bd3 Bd6 7.O-O O-O 8.e4 dxe4
9.Nxe4 Nxe4 10.Bxe4 Nf6 11.Bc2 c5 12.Bg5 cxd4 13.Qd3 g6 14.Qxd4 Be7 15.Qh4 Re8
16.Rad1 Nd7 17.Ba4 f6 18.Qg4 Bf8 19.Bxd7 Bxd7 20.Bxf6 Qxf6 21.Rxd7 Re7 22.Rxe7 Bxe7
23.Re1 Rd8 24.Qxe6+ Qxe6 25.Rxe6 Bf6 26.b3 Kf7 27.Re1 a6 28.h4 b5 29.cxb5 axb5
30.Re4 Rd1+ 31.Kh2 Ra1 32.Re2 Rc1 33.g3 Rc5 34.Kg2 h6 35.Nh2 Bd4 36.Ng4 Bg7
37.f4 Rc3 38.Nf2 Bf8 39.Ne4 Rc1 40.Kf3 Be7 41.Kg4 Rh1 42.f5 gxf5+ 43.Kxf5 Rc1
44.Ke5 Rc6 45.Kd5 Ra6 46.h5 Rb6 47.Rc2 b4 48.Rf2+ Kg7 49.g4 Ra6 50.Ng3 Kg8
51.Nf5 Bf8 52.Rc2 Ra5+ 53.Ke6 Ra6+ 54.Ke5 Ra5+ 55.Kf4 Ra6 56.g5 hxg5+ 57.Kxg5 Ra5
58.Rc8 Kf7 59.Rc7+ Ke6 60.Rc6+ Kd7 61.Rc2 Ke6 62.Re2+ Kf7 63.Kg4 Kf6 64.Rf2 Ra8
65.Nh6+ Ke5 66.Nf7+ Kd4 67.h6 Kc3 68.h7 Bg7 69.Rh2 Rf8 70.h8=Q Bxh8 71.Nxh8 Rf1
72.Ng6 Rc1 73.Nf4  1-0

[Event "Aegina op"]
[Site "Aegina"]
[Date "1996.??.??"]
[Round "8"]
[White "Karayannis, Athanasios"]
[Black "Lirindzakis, Timotheos"]
[Result "1/2-1/2"]
[WhiteElo "2300"]
[BlackElo "2365"]

1.d4 d5 2.Nf3 c6 3.c4 Nf6 4.Nc3 e6 5.e3 Nbd7 6.Bd3 dxc4 7.Bxc4 b5 8.Bd3 a6
9.a4 Bb7 10.O-O b4 11.Nb1 c5 12.Nbd2 Be7 13.Qe2 O-O 14.e4 cxd4 15.e5 Nd5
16.Nb3 Re8 17.Bd2 Qb6 18.a5 Qa7 19.Rac1 Rac8 20.Nfxd4 Nf8 21.Kh1 Ng6 22.Rxc8 Rxc8
23.Qh5 Qa8 24.Kg1 Rd8 25.f4 Qa7 26.Rf2 Bf8 27.f5 exf5 28.Qxf5 Bc8 29.Qh5 Bc5
30.Nxc5 Qxc5 31.Nb3 Qa7 32.Qg5 Re8 33.Bc4 Be6 34.h4 Rc8 35.Bd3 Nc7 36.Be3 Qa8
37.Nd4 Qd5 38.Bxg6 hxg6  1/2-1/2

[Event "US op"]
[Site "Alexandria"]
[Date "1996.??.??"]
[Round "4"]
[White "Shahade, Michael"]
[Black "Tan, Oscar"]
[Result "0-1"]
[WhiteElo "2265"]
[BlackElo "2240"]

1.Nf3 d5 2.d4 Nf6 3.c4 c6 4.Nc3 e6 5.e3 Nbd7 6.Bd3 dxc4 7.Bxc4 b5 8.Bd3 a6
9.e4 c5 10.e5 cxd4 11.Nxb5 Nxe5 12.Nxe5 axb5 13.Qf3 Bb4+ 14.Ke2 Qd5 15.Qxd5 Nxd5
16.Bxb5+ Kf8 17.Bd2 Bxd2 18.Kxd2 Nc7 19.Bc6 Rb8 20.b3 f6 21.Nd3 Ke7 22.Rhc1 Kd6
23.Rc2 e5 24.Rac1 Bf5 25.Be4 Bxe4 26.Rxc7 Ra8 27.f3 Rxa2+ 28.Ke1 Bxd3 29.R7c6+ Ke7
30.Rc7+ Ke6 31.g4 Rd8 32.Rxg7 Bc2 33.Rc7 d3  0-1

[Event "US op"]
[Site "Alexandria"]
[Date "1996.??.??"]
[Round "4"]
[White "Inocencio, Edgarlino S"]
[Black "Delaune, Richard K"]
[Result "1/2-1/2"]
[WhiteElo "2265"]
[BlackElo "2385"]

1.d4 d5 2.c4 c6 3.Nc3 Nf6 4.Nf3 e6 5.e3 Nbd7 6.Qc2 Bd6 7.Be2 O-O 8.O-O Re8
9.Rd1 Qe7 10.b3 b6 11.e4 Nxe4 12.Nxe4 dxe4 13.Qxe4 Bb7 14.Bd3 f5 15.Qe2 c5
16.Bb2 cxd4 17.Nxd4 Qg5 18.Qf1 Rad8 19.Be2 Be5 20.Nxe6 Rxe6 21.Bxe5 Nxe5
22.f4 Rxd1 23.Rxd1 Qxg2+ 24.Qxg2 Bxg2 25.fxe5 Bc6 26.c5 Rxe5 27.Bc4+ Kf8
28.cxb6 axb6 29.Rd6 Rc5 30.Rd8+ Ke7 31.Rg8 Kf6 32.a4 Bd5 33.Rf8+ Ke7 34.Rxf5 Bxc4
35.Rxc5 bxc5 36.bxc4 Kd6 37.Kf2 Kc6 38.Kf3 Kb6 39.Ke4 g5 40.Kd5 h5 41.a5+ Kxa5
42.Kxc5 g4 43.Kd5 h4 44.Ke4 Kb4 45.Kf4 g3 46.hxg3 hxg3 47.Kxg3  1/2-1/2

[Event "US op"]
[Site "Alexandria"]
[Date "1996.??.??"]
[Round "10"]
[White "Inocencio, Edgarlino S"]
[Black "Shipman, Walter"]
[Result "1/2-1/2"]
[WhiteElo "2265"]
[BlackElo "2365"]

1.d4 d5 2.Nf3 Nf6 3.c4 e6 4.Nc3 c6 5.e3 Nbd7 6.Qc2 Bb4 7.Bd2 O-O 8.Be2 Ba5
9.O-O dxc4 10.Bxc4 Bc7 11.Rad1 e5 12.h3 exd4 13.exd4 Nb6 14.Bb3 Qd6 15.Rfe1 Nbd5
16.Bg5 Be6 17.Bxf6 Nxf6 18.Bxe6 fxe6 19.Ne5 Nd5 20.Ne4 Qe7 21.g3 Rf5 22.h4 Bxe5
23.dxe5 Raf8 24.Re2 h6 25.a3 Rxe5 26.Ng5 Rxg5 27.hxg5 Qxg5 28.Qe4 Nf4 29.Red2 Qg4
30.Re1 Nh3+ 31.Kg2 Nf4+  1/2-1/2

[Event "Amsterdam VSB"]
[Site "Amsterdam"]
[Date "1996.??.??"]
[Round "2"]
[White "Seirawan, Yasser"]
[Black "Lautier, Joel"]
[Result "1-0"]
[WhiteElo "2630"]
[BlackElo "2630"]

1.d4 d5 2.c4 e6 3.Nc3 c6 4.e3 Nf6 5.Nf3 Nbd7 6.Qc2 Bd6 7.b3 O-O 8.Be2 dxc4
9.bxc4 e5 10.O-O Re8 11.Rd1 Qe7 12.a4 e4 13.Nd2 Nf8 14.Qa2 Qc7 15.h3 Ng6
16.Ba3 Bxa3 17.Qxa3 Nh4 18.a5 Qd7 19.Bf1 Qf5 20.Qd6 Qg5 21.g3 Bf5 22.a6 Rad8
23.Qf4 Qxf4 24.exf4 e3 25.fxe3 Rxe3 26.gxh4 Rxc3 27.axb7 Rc2 28.Rxa7 Rb2
29.Bg2  1-0

[Event "Amsterdam VSB"]
[Site "Amsterdam"]
[Date "1996.??.??"]
[Round "6"]
[White "Lautier, Joel"]
[Black "Gelfand, Boris"]
[Result "1-0"]
[WhiteElo "2630"]
[BlackElo "2700"]

1.d4 d5 2.c4 c6 3.Nf3 Nf6 4.Nc3 e6 5.e3 Nbd7 6.Bd3 dxc4 7.Bxc4 b5 8.Bd3 Bb7
9.O-O a6 10.e4 c5 11.d5 c4 12.Bc2 Qc7 13.dxe6 fxe6 14.Nd4 Nc5 15.Be3 O-O-O
16.Qe2 e5 17.Nf3 Ncxe4 18.Nxe4 Nxe4 19.a4 Nc5 20.axb5 axb5 21.b3 cxb3 22.Bf5+ Kb8
23.Qxb5 g6 24.Bh3 Rd5 25.Rfb1 Qc6 26.Qc4 Be7 27.Nd2 Rhd8 28.Nxb3 Qa4 29.Nxc5 Rd1+
30.Rxd1 Rxd1+ 31.Rxd1 Qxc4 32.Nd7+  1-0

[Event "Donner mem op"]
[Site "Amsterdam"]
[Date "1996.??.??"]
[Round "8"]
[White "Lobron, Eric"]
[Black "Shabalov, Alexander"]
[Result "0-1"]
[WhiteElo "2585"]
[BlackElo "2565"]

1.d4 d5 2.Nf3 Nf6 3.c4 c6 4.Nc3 e6 5.e3 a6 6.a3 Nbd7 7.Qc2 Be7 8.b4 a5 9.Rb1 axb4
10.axb4 O-O 11.e4 Nxe4 12.Nxe4 dxe4 13.Qxe4 Ra2 14.Bd3 f5 15.Qxe6+ Kh8 16.Qe3 f4
17.Qe4 Nf6 18.Qxf4 Ng4 19.Qe4 Bf5 20.Qxf5 Rxf5 21.Bxf5 Bxb4+ 22.Kf1 Rxf2+  0-1

[Event "Andorra"]
[Site "Andorra"]
[Date "1996.??.??"]
[Round "3"]
[White "Gamundi, Antonio"]
[Black "Vera, Reynaldo"]
[Result "1/2-1/2"]
[WhiteElo "2395"]
[BlackElo "2505"]

1.d4 d5 2.Nf3 Nf6 3.c4 e6 4.Nc3 c6 5.e3 Nbd7 6.Bd3 dxc4 7.Bxc4 b5 8.Bd3 b4
9.Na4 c5 10.O-O cxd4 11.exd4 Bb7 12.Bf4 Be7 13.Rc1 Rc8 14.Qe2 O-O 15.Rxc8 Qxc8
16.Rc1 Qa8 17.Nc5 Nxc5 18.dxc5 Rc8 19.Be3 Rc7 20.Ba6 Nd7 21.Bxb7 Qxb7 22.Qc2 Nxc5
23.Ng5 Bxg5 24.Bxg5 Na6 25.Rd1 Rd7 26.h4 h6 27.Be3 Rxd1+ 28.Qxd1 Nb8 29.Qd8+ Kh7
30.Qd3+ Kg8 31.Qd8+ Kh7 32.Qd3+  1/2-1/2

[Event "Ano Liosia op"]
[Site "Ano Liosia"]
[Date "1996.??.??"]
[Round "6"]
[White "Husari, Sate"]
[Black "Karayannis, Athanasios"]
[Result "1/2-1/2"]
[WhiteElo "2295"]
[BlackElo "2375"]

1.c4 c6 2.Nc3 d5 3.d4 Nf6 4.e3 e6 5.Nf3 Nbd7 6.Ne5 Nxe5 7.dxe5 Nd7 8.f4 Nb6
9.b3 Bb4 10.Bd2 O-O 11.Be2 f6 12.O-O fxe5 13.fxe5 Rxf1+ 14.Bxf1 Qg5 15.Ne4 Qxe5
16.Bxb4 Qxe4 17.Qd4 Qxd4 18.exd4 Nd7 19.cxd5 exd5 20.Re1 Nf6 21.Re7 Bd7 22.Bc5 b6
23.Bd6 Bf5 24.Ba6 Rd8 25.Be5 Rd7 26.Rxd7 Nxd7 27.Bd6 c5 28.Bb5 cxd4 29.Bxd7 Bxd7
30.Bb8 d3 31.Kf2 a6 32.h4 Kf7 33.Ke3 Bf5 34.Bc7 b5 35.a4 bxa4 36.bxa4 Ke6
37.a5 g6 38.g3 Kd7 39.Bb6 Kc6 40.Kd2 Kb5 41.Bd8 Kc4 42.Bc7  1/2-1/2

[Event "Antwerp op"]
[Site "Antwerp"]
[Date "1996.??.??"]
[Round "1"]
[White "Akesson, Ralf"]
[Black "Straat, Evert Jan"]
[Result "1/2-1/2"]
[WhiteElo "2500"]
[BlackElo "2210"]

1.Nf3 Nf6 2.c4 e6 3.Nc3 d5 4.d4 c6 5.e3 Bd6 6.Bd3 O-O 7.O-O Nbd7 8.e4 dxe4
9.Nxe4 Nxe4 10.Bxe4 Re8 11.c5 Bc7 12.Bg5 f6 13.Bh4 Qe7 14.Re1 Nf8 15.Rc1 Ng6
16.Qc2 Qf7 17.Bg3 Bxg3 18.hxg3 Bd7 19.Nd2 f5 20.Bd3 Qf6 21.Nf3 Re7 22.Bc4 Rae8
23.Qc3 Kh8 24.Rcd1 h6 25.Re3 Bc8 26.Bb3 Kh7 27.Rde1 Kh8 28.Qa5 a6 29.Qc3 Rd8
30.Kf1 Kh7 31.R1e2 Kh8 32.Bc4 Rf8 33.Ke1 Rd8 34.Qa5 Rde8 35.Kd1 Kh7 36.Qc3 Rd8
37.Kc1 Kh8 38.Re1 Kh7 39.Bd3 Kh8 40.Bc2 Rd5 41.Qa5 f4 42.gxf4 Nxf4 43.Be4 Rdd7
44.Rg1 Re8 45.Qd2 Red8 46.g3 Nh3 47.Rd1 Ng5 48.Nxg5 Rxd4 49.Nf7+ Qxf7 50.Qxd4 Rxd4
51.Rxd4 Qe7 52.Rd6 g5 53.Red3 Kg7 54.f3 Qf6 55.Rd8 Qe5 56.Rxc8 Qxc5+ 57.Kd1 Qg1+
58.Kc2 Qf2+ 59.Rd2 Qc5+ 60.Kd3 Qd6+ 61.Ke2 Qxg3 62.Rd7+ Kf6 63.Rxb7 c5 64.Rh7 Qg2+
65.Kd3 Qf1+ 66.Kc3 Qe1+ 67.Kb3 Qb4+ 68.Kc2 Qc4+ 69.Kb1  1/2-1/2

[Event "Antwerp op"]
[Site "Antwerp"]
[Date "1996.??.??"]
[Round "3"]
[White "Grooten, Herman"]
[Black "Novikov, Igor A"]
[Result "0-1"]
[WhiteElo "2375"]
[BlackElo "2585"]

1.d4 d5 2.Nf3 Nf6 3.c4 e6 4.Nc3 c6 5.e3 Nbd7 6.Qc2 Bd6 7.Be2 O-O 8.O-O dxc4
9.Bxc4 b5 10.Be2 Bb7 11.Rd1 Qc7 12.h3 Rfe8 13.a3 a6 14.b4 a5 15.Bb2 axb4
16.axb4 Nd5 17.Nxd5 exd5 18.Ne1 Bxb4 19.Bxb5 Rxa1 20.Bxa1 Bxe1 21.Bd3 Bb4
22.Bxh7+ Kh8 23.Bd3 Nf6 24.Qe2 Kg8 25.Rb1 Bd6 26.g4 Bc8 27.Kg2 Qd7 28.Bc3 Ne4
29.Be1 Bc7 30.f3 Ng5 31.Bf2 Ne6 32.Qd2 Qd6 33.Rh1 Bd7 34.Bb1 Rb8 35.Qc2 Nf8
36.h4 Qa3 37.h5 Rb2 38.Qc1 Ba5 39.Kg3 Bd2 40.Qg1 Qd6+ 41.f4 Ne6 42.Kh4 Nxf4  0-1

[Event "Antwerp op"]
[Site "Antwerp"]
[Date "1996.??.??"]
[Round "4"]
[White "Van der Sterren, Paul"]
[Black "Piket, Jeroen"]
[Result "0-1"]
[WhiteElo "2510"]
[BlackElo "2580"]

1.d4 Nf6 2.c4 e6 3.Nf3 d5 4.Nc3 c6 5.e3 Nbd7 6.Bd3 dxc4 7.Bxc4 b5 8.Bd3 Bb7
9.O-O b4 10.Ne4 Be7 11.Nxf6+ Nxf6 12.e4 O-O 13.e5 Nd7 14.Qc2 h6 15.Bh7+ Kh8
16.Be4 Qb6 17.Be3 c5 18.dxc5 Nxc5 19.Bxb7 Qxb7 20.Rac1 Rac8 21.Qe2 a5 22.Rc4 Na4
23.Rc2 Rxc2 24.Qxc2 Nb6 25.Rc1 Rc8 26.Qd1 Nd5 27.Rxc8+ Qxc8 28.Qc1 Qa6 29.Bd4 Qd3
30.h3 Kh7 31.Kh2 a4 32.Bc5 Bxc5 33.Qxc5 a3 34.bxa3 Qxa3 35.Qf8 Qa7 36.h4 Qxf2
37.Qxf7 Ne3  0-1

[Event "Antwerp op"]
[Site "Antwerp"]
[Date "1996.??.??"]
[Round "5"]
[White "Grooten, Herman"]
[Black "Van Herck, Marcel"]
[Result "1-0"]
[WhiteElo "2375"]
[BlackElo "2195"]

1.d4 Nf6 2.c4 e6 3.Nf3 d5 4.Nc3 c6 5.e3 Nbd7 6.Qc2 Be7 7.a3 O-O 8.Be2 b6
9.e4 dxe4 10.Nxe4 c5 11.Bf4 Bb7 12.Nxf6+ Bxf6 13.dxc5 Nxc5 14.Rd1 Be4 15.Qc1 Qc8
16.Ne5 Rd8 17.b4 Bxe5 18.Bxe5 Nd3+ 19.Bxd3 Bxd3 20.Bxg7 Qxc4 21.Qxc4 Bxc4
22.Bf6 Rd5 23.g4 Kf8 24.h4 Ke8 25.Rh3 Kd7 26.Re3 a5 27.Bc3 f5 28.g5 axb4
29.axb4 Rxd1+ 30.Kxd1 Ra2 31.Ke1 Rc2 32.h5 f4 33.Rh3 Re2+ 34.Kd1 Rxf2 35.g6 h6
36.Be5 f3 37.Rh4 Be2+ 38.Kd2 Rg2 39.Ke3 Ke7 40.Rf4 Rg5 41.Bf6+  1-0

[Event "Antwerp op"]
[Site "Antwerp"]
[Date "1996.??.??"]
[Round "7"]
[White "Wells, Peter K"]
[Black "Delemarre, Jop"]
[Result "1-0"]
[WhiteElo "2475"]
[BlackElo "2360"]

1.d4 d5 2.c4 c6 3.Nc3 Nf6 4.e3 e6 5.Nf3 Nbd7 6.Qc2 Bd6 7.g4 Nxg4 8.Rg1 f5
9.h3 Ngf6 10.Rxg7 Ne4 11.Bd2 Qf6 12.Rg2 Nf8 13.O-O-O Bd7 14.Be2 Ng6 15.Rdg1 O-O-O
16.Be1 Kb8 17.Kb1 Ka8 18.Ka1 Be8 19.Bd3 Rf8 20.a3 Qe7 21.h4 Nxc3 22.Bxc3 Nxh4
23.Nxh4 Qxh4 24.Ba5 Rb8 25.c5 b6 26.Bxb6 Be7 27.Qa4 Rb7 28.Rg7 Kb8 29.Ba5 Qxf2
30.R1g2 Qxe3 31.Ba6 Rb3 32.Rxe7 Rb5 33.Bxb5 cxb5 34.Rxe8+  1-0

[Event "RUS-ch sf"]
[Site "Arkhangelsk"]
[Date "1996.??.??"]
[Round "?"]
[White "Lebedev, Vasili"]
[Black "Dokuchaev, Aleksander"]
[Result "1/2-1/2"]
[WhiteElo "2215"]
[BlackElo "2415"]

1.d4 d5 2.Nf3 e6 3.c4 c6 4.e3 Nf6 5.Nc3 a6 6.Bd3 dxc4 7.Bxc4 b5 8.Bd3 c5
9.O-O Bb7 10.Qe2 Nbd7 11.Rd1 Qb8 12.e4 cxd4 13.Nxd4 Bc5 14.Bc2 O-O 15.Nb3 Bd6
16.h3 b4 17.Na4 Bc6 18.Na5 Bb5 19.Qd2 Rc8 20.Bb3 Nxe4 21.Qe1 Ndf6 22.Be3 Bh2+
23.Kh1 Bc7 24.Qxb4 Be2 25.Qxb8 Raxb8 26.Nc6 Bxd1 27.Rxd1 Bf4 28.Bxf4 Rxc6  1/2-1/2

[Event "RUS-ch sf"]
[Site "Arkhangelsk"]
[Date "1996.??.??"]
[Round "?"]
[White "Yasinsky, V."]
[Black "Shabanov, Yuri"]
[Result "0-1"]
[WhiteElo "2315"]
[BlackElo "2405"]

1.c4 c6 2.d4 d5 3.Nf3 Nf6 4.Nc3 e6 5.e3 Nbd7 6.Qc2 b6 7.cxd5 cxd5 8.Nb5 Bb4+
9.Bd2 Bxd2+ 10.Nxd2 O-O 11.Bd3 Ba6 12.O-O Bxb5 13.Bxb5 a6 14.Bd3 Qb8 15.Rfc1 Rc8
16.Qa4 Ra7 17.b4 Rxc1+ 18.Rxc1 b5 19.Qa5 Ne8 20.a4 Nd6 21.Rc6 Nc4 22.Bxc4 bxc4
23.h3 h6 24.Nb1 Rb7 25.Qxa6 Kh7 26.Nc3 Rxb4 27.g3 Rb2 28.Nb5 Qd8  0-1

[Event "RUS-ch sf"]
[Site "Arkhangelsk"]
[Date "1996.??.??"]
[Round "?"]
[White "Erikalov, A."]
[Black "Vekshenkov, Nikolai"]
[Result "0-1"]
[WhiteElo "2320"]
[BlackElo "2340"]

1.d4 d5 2.c4 c6 3.Nf3 Nf6 4.Nc3 e6 5.e3 Nbd7 6.Bd3 dxc4 7.Bxc4 b5 8.Bd3 Bb7
9.O-O a6 10.e4 c5 11.d5 c4 12.Bc2 Qc7 13.dxe6 fxe6 14.Qe2 O-O-O 15.Ng5 Nc5
16.e5 h6 17.Nh3 Nd5 18.Nxd5 Rxd5 19.f4 Nd3 20.b3 Bc5+ 21.Kh1 Rhd8 22.Be3 c3
23.a3 g5 24.Rad1 Bxe3 25.Qxe3 gxf4 26.Nxf4 Nxf4 27.Qxf4 Qxe5 28.Rxd5 Rxd5
29.Qg4 Rd2  0-1

[Event "Ashkhabad"]
[Site "Ashkhabad"]
[Date "1996.??.??"]
[Round "3"]
[White "Kakageldyev, Amanmurad"]
[Black "Korneev, Oleg"]
[Result "0-1"]
[WhiteElo "2475"]
[BlackElo "2590"]

1.d4 d5 2.c4 e6 3.Nf3 Nf6 4.Nc3 c6 5.e3 Nbd7 6.Qc2 Bd6 7.Bd2 O-O 8.O-O-O c5
9.Kb1 a6 10.cxd5 exd5 11.Bc1 c4 12.g4 b5 13.g5 Ne8 14.Nxd5 Bb7 15.e4 Bxd5
16.exd5 Nc7 17.Ne5 Nxd5 18.Bg2 N7b6 19.Be4 g6 20.h4 Qc7 21.h5 Nb4 22.Qe2 c3
23.Ng4 f5 24.gxf6 g5 25.a3 N4d5 26.Bxd5+ Nxd5 27.Ne3 Nxf6 28.Qd3 Rac8 29.Rhg1 Bf4
30.Qxc3 Qxc3 31.bxc3 h6 32.Rd3 Bxe3 33.Bxe3 Ne4 34.Kc2 Nxf2 35.Bxf2 Rxf2+
36.Rd2 Rf4 37.Re1 Kf7 38.Rde2 Rc7 39.Re6 Rf3 40.R1e3  0-1

[Event "Asti op"]
[Site "Asti"]
[Date "1996.??.??"]
[Round "?"]
[White "Chilese, Carlo"]
[Black "Bianco, Valerio"]
[Result "1/2-1/2"]
[WhiteElo "1940"]
[BlackElo "2215"]

1.d4 d5 2.Nf3 Nf6 3.c4 c6 4.Nc3 e6 5.e3 Nbd7 6.Bd3 Bd6 7.O-O O-O 8.e4 dxe4
9.Nxe4 Nxe4 10.Bxe4 h6 11.Re1 Qc7 12.a3 c5 13.b4 cxb4 14.c5 Be7 15.axb4 Rd8
16.d5 exd5 17.Bh7+ Kf8 18.g3 Nf6 19.Bf4 Qd7 20.Bd3 Re8 21.Ne5 Qh3 22.Bb5 Rd8
23.Bf1 Qh5 24.Be2 Qf5 25.Bd3 Qh3 26.Bf1  1/2-1/2